Valparaíso reencontrado

Sparad:
Bibliografiska uppgifter
Huvudupphovsman: Olivares Salinas, Guido (autor)
Materialtyp: Bok
Språk:spanska
engelska
Publicerad: Valparaíso Universitarias 2011
Ämnen:
Taggar: Lägg till en tagg
Inga taggar, Lägg till första taggen!

MARC

LEADER 00000cam a2200000 a 4500
001 UCG9285
003 CL-VaPUC
008 120309e20110000CL |||||||||||||||||spa|d
020 |a 9789561704831 
041 0 7 |a spa  |2 CL-VaPUC 
041 0 7 |a eng  |2 CL-VaPUC 
082 0 4 |a 983  |b OLI  |2 21 
100 |a Olivares Salinas, Guido  |e autor  |9 585301 
245 1 0 |a Valparaíso reencontrado 
246 1 0 |a Valparaíso revisited 
300 |a 115 p 
942 |c BK 
945 |d 20120309 00:00:00  |a dcastane 
260 |a Valparaíso  |b Universitarias  |c 2011 
650 0 |a Historia de Chile  |9 265473 
650 0 |a Historia de Valparaíso  |9 460237 
650 0 |a Ciudades  |9 265474 
583 |a last modification  |c 20120309 14:21:00  |k Rodrigo Vera 
999 |c 346846  |d 346844 
952 |0 0  |1 0  |4 0  |6 983_000000000000000_OLI_2011  |7 0  |8 A  |9 447778  |a BIBCUR  |b BIBCUR  |d 2019-11-22  |i 4836596  |l 6  |m 3  |o 983 OLI 2011  |p 4836596  |r 2025-04-22  |s 2023-05-05  |w 2019-11-22  |y BK  |k CAC